000 00363nam a2200133Ia 4500
008 240624s9999 xx 000 0 und d
041 _aeng
082 _a658.4092 BRO
100 _aBROUSSARD CARY J
245 _aFROM CINDRELLA TO CEO HOW TO MASTER THE
260 _c2005
_aNew Jersey
_bJohn Wiley and Sons
300 _axv, : 223 : p. : cm. ; 23
365 _c
_b30
999 _c16345
_d16345